| 000 | 01446cam a22003857a 4500 | ||
|---|---|---|---|
| 003 | CHAP | ||
| 005 | 20220329141855.0 | ||
| 008 | 980323d1998 mx r 00110 spa d | ||
| 010 | _a75106 | ||
| 011 | _a76078 | ||
| 035 | _a85655 | ||
| 040 | _cCHAP | ||
| 090 | _aTesis | ||
| 100 | 0 | 0 |
_aGutiérrez Sánchez, Juan. _951839 |
| 245 | 1 | 3 |
_aLa fertilización y el control químico, solos y asociados en la espinaca (Espinacea oleracea L.) atacada por Nacobbus aberrans (Thorne) Thorne y Allen, 1944 _c/por Juan Gutiérrez Sánchez |
| 260 |
_aChapingo, Méx. : _bEl autor, _c1998. |
||
| 300 | _a55 h. | ||
| 502 | _aTesis (Ing. Agr. Esp. en Parasitología Agrícola) -- UACH. Departamento de Parasitología Agrícola | ||
| 590 |
_aALEPH _b10 _c20130110 _lUCH01 _h1422 |
||
| 590 |
_aBATCH-UPD _b10 _c20130110 _lUCH01 _h0433 |
||
| 590 |
_aBATCH-UPD _b10 _c20130110 _lUCH01 _h2112 |
||
| 590 |
_aBATCH-UPD _b10 _c20130410 _lUCH01 _h0109 |
||
| 590 |
_aBATCH-UPD _b10 _c20130914 _lUCH01 _h1359 |
||
| 590 |
_aCONVERSION _b10 _c20130109 _lUCH01 _h1341 |
||
| 650 | 1 | 4 |
_aEspinaca _xPlagas. _937854 |
| 650 | 1 | 4 |
_aEspinaca _xRendimiento. _937856 |
| 650 | 1 | 4 |
_aFertilizantes _xEfecto en espinaca. _940507 |
| 650 | 1 | 4 |
_aNacobbus aberrans. _980022 |
| 650 | 1 | 4 |
_aNematicidas. _980808 |
| 901 | _aBK | ||
| 905 | _aAlejandra Carrasco M. | ||
| 942 | _cFOLL | ||
| 949 |
_bBC _cTES _d33724000587572 _eTS2 _fc.2 _h32280 _i85655 _si |
||
| 949 |
_bBC _cTES _d856551 _eTS1 _h32279 _i85655 _sb |
||
| 999 |
_c75106 _d75106 |
||